|
|
|
|
| LEADER |
00685nam a2200157Ia 4500 |
| 001 |
TDMU_35894 |
| 008 |
210410s9999 xx 000 0 und d |
| 082 |
|
|
|a 895.9228403
|
| 100 |
|
|
|a Nguyễn, Chí Tranh
|
| 245 |
|
0 |
|a Từ Thành công của CEP đến định hướng tài chính vi mô ở Đồng Nai
|
| 245 |
|
0 |
|c Nguyễn Chí Tranh, Lê Kiên Cường
|
| 300 |
|
|
|a Tr.53-55
|
| 650 |
|
|
|a Kinh tế; Đồng Nai; Tài chính vi mô; Ngân hàng thương mại
|
| 700 |
|
|
|a Lê, Kiên Cường
|
| 856 |
|
|
|u http://lrc.tdmu.edu.vn/opac/search/detail.asp?aID=2&ID=35894
|
| 980 |
|
|
|a Trung tâm Học liệu Trường Đại học Thủ Dầu Một
|